Normal view
MARC view
- CHARLES N. PICKWORTH
Entry Personal Name
001 - CONTROL NUMBER
- control field: 38899
003 - CONTROL NUMBER IDENTIFIER
- control field: NUST
005 - DATE AND TIME OF LATEST TRANSACTION
- control field: 20210314131309.0
008 - FIXED-LENGTH DATA ELEMENTS
- fixed length control field: 210314|| aca||aabn | a|a d
040 ## - CATALOGING SOURCE
- Original cataloging agency: NUST
- Transcribing agency: NUST
100 ## - HEADING--PERSONAL NAME
- Personal name: CHARLES N. PICKWORTH
670 ## - SOURCE DATA FOUND
- Source citation: Work cat.: (NUST): Pickworth, Gharless N. 38898, INSTRUCTIONS FOR THE USE OF A. W. FABER'S IMPROVED CALCULATING RULE, 1761
